Statistics for Counties of New Hampshire

Click here to take the quiz!

General Stats

  • This quiz has been taken 17 times
  • The average score is 8 of 10

Answer Stats

PopulationCounty% Correct
33,055Coös
100%
400,721Hillsborough
86%
295,223Rockingham
86%
146,445Merrimack
86%
89,118Grafton
79%
123,143Strafford
71%
60,088Belknap
71%
47,818Carroll
71%
43,742Sullivan
71%
77,117Cheshire
64%

Score Distribution

Percentile by Number Answered

Percent of People with Each Score

Your Score History

You have not taken this quiz